Gaming Quiz

Random Gaming or Popular Quiz

Board Game Match 'Em Up Quiz Stats

 Plays Quiz Updated Dec 23, 2018

Support Sporcle.
Go Orange.
Score 0/30 Timer 05:00
11 Plays Today
% Correct
Hungry Hungry Hippos
92.9%
Monopoly
92.7%
Battleship
92.6%
Barrel of Monkeys
91.7%
Clue
90%
Jenga
89.9%
Twister
89.8%
Chess
88.4%
Candy Land
85.7%
Scrabble
85.6%
Pictionary
82.2%
Trivial Pursuit
81.1%
Mouse Trap
80.3%
Risk
80.1%
Operation
77.7%
% Correct
Connect Four
76.1%
Yahtzee
75.5%
Guess Who?
74.1%
Kerplunk
73.6%
Trouble
69.6%
Boggle
66.1%
Cranium
64.1%
Mastermind
60.1%
Othello
54.7%
Cribbage
53%
Backgammon
47.2%
Perfection
45.2%
Stratego
44.5%
Pictureka!
32.7%
Set
27.5%

You're not logged in!

Compare scores with friends on all Sporcle quizzes.
OR
Log In
Forgot?

From the Vault

World Leaders Matchup

by skuban

History 5m
Wait, who's really in charge here?
Remove Ads.
Support Sporcle.
Get the best of Sporcle when you Go Orange. This ad-free experience offers more features, more stats, and more fun while also helping to support Sporcle. Thank you for becoming a member.

Show Comments

Extras

Top Quizzes Today


Score Distribution

Your Account Isn't Verified!

In order to create a playlist on Sporcle, you need to verify the email address you used during registration. Go to your Sporcle Settings to finish the process.

Report this User

Report this user for behavior that violates our Community Guidelines.

Details: